000 00332nam a2200133Ia 4500
005 20260328104321.0
008 260328s9999||||xx |||||||||||||| ||und||
100 _aVidotto, Marco
245 0 _aAlison + Peter Smithson /
_cMarco Vidotto
260 _bGustavo Gili
300 _a231 p.
650 _aMEIS ,VAN DER ROHE
942 _cBK
999 _c11369
_d11369